Responses for show #5636 - Monday, February 23, 2009

Contestants

Kenneth Burns, a newspaper editor from Madison, Wisconsin

Jerome Socolof, a graduate student originally from Ilion, New York

Jeanie Welch, a retired librarian from Charlotte, North Carolina (whose 2-day cash winnings total $25,601)

Jeopardy! Round responses

SHADES OF BLUE
TOP 10 YAHOO! SEARCHES
(Alex: ...in 2008.)
TYPING TEST
POISONING
PIGEONS
IN THE PARK
    $200 6
yonder

Jeanie
    $200 11
(Britney) Spears

Kenneth
    $200 16
Z

Kenneth
    $200 21
Cleopatra

Jerome
    $200 26
dove

Triple Stumper
    $200 1
minutemen

Jerome
    $400 7
ultramarine

Triple Stumper
    $400 12
Angelina Jolie

Jerome
    $400 17
X

Jerome
    $400 22
Socrates

Kenneth
    $400 27
Egypt

Jeanie
    $400 2
the Everglades National Park

Jeanie
    $600 8
indigo

Jeanie
    $600 13
Miley Cyrus

Kenneth
    $600 18
(Jeanie: What is E?)
(Alex: No.)
(Jeanie: He--or [*]?)
...
(Alex: Jeanie, you, uh, you're only allowed one incorrect response at a time.)

we

JeanieJerome
    $600 23
Warren G. Harding

Jeanie
    $600 28
squabs

Jeanie
    $600 3
longhorn

Kenneth
    $200 9
the azure coast

Jeanie
    $800 14
(Jeanie: What is the Worldwide Wrestling Enterprise? The WWE?)
...
(Alex: You were partly right. You had the initials right.)

World Wrestling Entertainment

Jeanie
Triple Stumper
    $800 19
ER

Jerome
    $800 24
Marie Antoinette

Kenneth
    $800 29
carrier pigeons

Jerome
    $800 4
Pocahontas

Jerome
    $1000 10
Prussian

Kenneth
    $1000 15
Naruto

Triple Stumper
    $1000 20
A

Kenneth
    $1000 25
Genghis Khan

Kenneth
    $1000 30
the passenger pigeon

Jeanie
    $1000 5
Louisiana

Kenneth

Scores at the first commercial break (after clue 15):

Jeanie Jerome Kenneth
$600 $1,400 $3,400

Scores at the end of the Jeopardy! Round:

Jeanie Jerome Kenneth
$2,600 $4,200 $6,800

Double Jeopardy! Round responses

SCULPTURE
SPRINGSTEEN SONGS IN OTHER WORDS
LIVIN' LIBIDO LOCA
"S"-ENTIAL KNOWLEDGE
LITERARY OPENING LINES
GREEN LIVING
(Sarah: ...from a house with Earth-friendly innovations everywhere.)
    $400 11
(Edgar) Degas

Kenneth
    $400 6
"Born to Run"

Jerome
    $400 21
Catherine the Great

Kenneth
    $400 16
side arm

Kenneth
    $400 1
Around the World in Eighty Days

Kenneth
    $400 26
denim

Jerome
    $800 12
Remington

Kenneth
    $800 7
"Hungry Heart"

Kenneth
    $800 22
(Edgar Allan) Poe

Jeanie
    $800 17
shortwave

Kenneth
    $800 2
To Kill A Mockingbird

Kenneth
    $800 27
the light spectrum

Kenneth
    $1200 13
Daphne

Triple Stumper
    $1200 8
"I Am On Fire"

Kenneth
    $1200 23
Oscar Wilde

Jeanie
    $1200 18
sudden-death

Kenneth
    $2,000 3
Fahrenheit 451

Kenneth
    $1200 28
a composter

Jerome
    $1600 14
Judy Chicago

Jeanie
    $1600 9
"Glory Days"

Kenneth
    $1600 24
Catherine Howard

Jeanie
    $1600 19
supply-side

Kenneth
    $1600 4
The Trial

Kenneth
    $1600 29
a plastic

Triple Stumper
    $1,000 15
(Jeanie: Who was Jilges?)

Gutzon Borglum

Jeanie
    $2000 10
"Thunder Road"

Triple Stumper
    $2000 25
Fanne Foxe

Jeanie
    $2000 20
a snowshoe hare

Jeanie
    $2000 5
The Satanic Verses

Jerome
    $2000 30
light-emitting diodes

Jerome

Scores at the end of the Double Jeopardy! Round:

Jeanie Jerome Kenneth
$10,800 $10,200 $21,600
(lock-tie game)

[wagering suggestions for these scores]

Final Jeopardy! Round responses

WORLD RIVERS
JeromeWhat is the Nile?
$5,100
JeanieWhat is the Danube?
$10,201
KennethWhat is the Nile
$0
the Danube

Final scores:

Jeanie Jerome Kenneth
$21,001 $5,100 $21,600
2nd place: $2,000 3rd place: $1,000 New champion: $21,600

Game dynamics:

Coryat scores:

Jeanie Jerome Kenneth
$12,400 $10,200 $20,800
14 R
(including 1 DD),
3 W
(including 1 DD)
13 R,
0 W
25 R
(including 1 DD),
0 W

Combined Coryat: $43,400

The J! Archive is created by fans, for fans. The Jeopardy! game show and all elements thereof, including but not limited to copyright and trademark thereto, are the property of Jeopardy Productions, Inc. and are protected under law. This website is not affiliated with, sponsored by, or operated by Jeopardy Productions, Inc. Join the discussion at JBoard.tv.